[Event "GER-chT U20"]
[Site "Osnabrueck"]
[Date "2015.12.28"]
[Round "3.3"]
[White "Hofmann, Rares"]
[Black "Cech, Tim"]
[Result "0-1"]
[WhiteElo "2057"]
[BlackElo "1947"]
[PlyCount "86"]
[EventDate "2015.12.27"]
[EventType "team-swiss"]
[EventRounds "7"]
[EventCountry "GER"]
[SourceTitle "EXT 2017"]
[Source "ChessBase"]
[SourceDate "2016.10.25"]
[SourceVersion "1"]
[SourceVersionDate "2016.10.25"]
[SourceQuality "1"]
[WhiteTeam "Coswig"]
[BlackTeam "Potsdam"]
[WhiteTeamCountry "GER"]
[BlackTeamCountry "GER"]

1. e4 e6 2. d4 d5 3. Nc3 Nf6 4. Bg5 Be7 5. e5 Nfd7 6. h4 h6 7. Bxe7 Qxe7 8. Qg4 0-0 9. Rh3 f5 10. Qg6 c5 11. 0-0-0 cxd4 12. Nce2 Nxe5 13. Qg3 Nbc6 14. Nxd4 Nxd4 15. Qxe5 Nc6 16. Qe1 Bd7 17. f4 Rfc8 18. a3 Rab8 19. Rc3 b5 20. b4 a5 21. Rb3 axb4 22. axb4 Qf6 23. Rb2 Nd4 24. Qe3 Nc6 25. Qe1 Nd8 26. Nf3 Nf7 27. Nd4 Nd6 28. Nb3 Ne4 29. Rd3 Rc7 30. g3 Rbc8 31. Bg2 Rc4 32. Bxe4 fxe4 33. Re3 Be8 34. Nc5 Ra8 35. Kb1 Bg6 36. Nd7 Qd4 37. Ne5 Rxb4 38. c3 Rxb2+ 39. Kxb2 Qa4 40. Nxg6 Qa2+ 41. Kc1 Qa1+ 42. Kc2 Ra2+ 43. Kb3 Qb2# 0-1

[Event "GER-chT U20"]
[Site "Osnabrueck"]
[Date "2015.12.27"]
[Round "2.3"]
[White "Cech, Tim"]
[Black "Kostre, Margarita"]
[Result "1-0"]
[WhiteElo "1947"]
[BlackElo "1784"]
[PlyCount "115"]
[EventDate "2015.12.27"]
[EventType "team-swiss"]
[EventRounds "7"]
[EventCountry "GER"]
[SourceTitle "EXT 2017"]
[Source "ChessBase"]
[SourceDate "2016.10.25"]
[SourceVersion "1"]
[SourceVersionDate "2016.10.25"]
[SourceQuality "1"]
[WhiteTeam "Potsdam"]
[BlackTeam "Spandau Zitadelle"]
[WhiteTeamCountry "GER"]
[BlackTeamCountry "GER"]

1. Nf3 Nf6 2. d4 g6 3. g3 Bg7 4. Bg2 0-0 5. c4 c5 6. e3 cxd4 7. exd4 d5 8. Nbd2 Nc6 9. 0-0 Bg4 10. Qb3 dxc4 11. Qxb7 Nxd4 12. Nxd4 Qxd4 13. Qxe7 c3 14. bxc3 Qxc3 15. Nb3 Rad8 16. Bg5 Rfe8 17. Qxa7 h6 18. Rac1 Qb4 19. Be3 Be6 20. Nd4 Rd7 21. Qc5 Qxc5 22. Rxc5 Bd5 23. Nb5 Bxg2 24. Kxg2 Ra8 25. Rc2 Rb7 26. Nd6 Rb4 27. Rfc1 Nd5 28. Rc8+ Rxc8 29. Rxc8+ Kh7 30. Bc5 Rb2 31. a3 f5 32. Rd8 Rc2 33. Bb4 Nxb4 34. axb4 Bd4 35. Ne4 Bb6 36. Rd7+ Kh8 37. Nf6 Rc7 38. Rxc7 Bxc7 39. Nd5 Bd6 40. Kf3 Kg7 41. Ke3 g5 42. h3 f4+ 43. gxf4 gxf4+ 44. Ke4 Kf7 45. b5 Bc5 46. f3 Ke6 47. Nxf4+ Kd6 48. Nd5 Ba7 49. f4 Kc5 50. b6 Bb8 51. f5 Kd6 52. Kd4 Kd7 53. Kc5 Be5 54. b7 Bg3 55. Kb6 Bf2+ 56. Ka6 Bg3 57. Ka7 Kc6 58. Ne3 1-0

[Event "Oberliga Nord O 1415"]
[Site "Germany"]
[Date "2015.01.18"]
[Round "5.8"]
[White "Cech, Tim"]
[Black "Sowada, Christoph"]
[Result "1/2-1/2"]
[WhiteElo "1812"]
[BlackElo "1890"]
[PlyCount "40"]
[EventDate "2014.09.21"]
[EventType "team-tourn"]
[EventRounds "9"]
[EventCountry "GER"]
[SourceTitle "EXT 2016"]
[Source "ChessBase"]
[SourceDate "2015.10.08"]
[SourceVersion "1"]
[SourceVersionDate "2015.10.08"]
[SourceQuality "1"]
[WhiteTeam "Potsdam USV"]
[BlackTeam "Greifswald"]
[WhiteTeamCountry "GER"]
[BlackTeamCountry "GER"]

1. Nf3 f5 2. c4 d6 3. d4 g6 4. Nc3 Bg7 5. g3 c6 6. Bg2 Nh6 7. 0-0 0-0 8. Re1 Nf7 9. e4 e5 10. exf5 gxf5 11. dxe5 dxe5 12. Qc2 Qf6 13. h4 h6 14. h5 Be6 15. Nh4 Nd7 16. b3 e4 17. Bb2 Nde5 18. Rab1 Nd3 19. Nxe4 Qxb2 20. Qxd3 fxe4 1/2-1/2

[Event "GER-chT U20"]
[Site "Naumburg Saale"]
[Date "2014.12.28"]
[Round "4.2"]
[White "Cech, Tim"]
[Black "Tiemann, Tobias"]
[Result "0-1"]
[WhiteElo "1853"]
[BlackElo "2019"]
[PlyCount "114"]
[EventDate "2014.12.27"]
[EventType "team-swiss"]
[EventRounds "7"]
[EventCountry "GER"]
[SourceTitle "EXT 2016"]
[Source "ChessBase"]
[SourceDate "2015.10.08"]
[SourceVersion "1"]
[SourceVersionDate "2015.10.08"]
[SourceQuality "1"]
[WhiteTeam "Potsdam USV"]
[BlackTeam "Baden-Baden"]
[WhiteTeamCountry "GER"]
[BlackTeamCountry "GER"]

1. d4 d5 2. Nf3 c6 3. g3 Nf6 4. Bg2 Bf5 5. 0-0 h6 6. c4 e6 7. Nc3 Nbd7 8. Nd2 Be7 9. e4 dxe4 10. Ndxe4 Nxe4 11. Nxe4 Nf6 12. Nxf6+ Bxf6 13. d5 cxd5 14. cxd5 0-0 15. Qd3 Qd7 16. Bf4 e5 17. Be3 b6 18. Rfe1 Rac8 19. Rac1 Rxc1 20. Rxc1 Rd8 21. Qc4 Rc8 22. Qxc8+ Qxc8 23. Rxc8+ Bxc8 24. d6 Be6 25. a4 Bd8 26. f4 f6 27. Bf3 Kf7 28. g4 exf4 29. Bxf4 Bb3 30. Bc6 Ke6 31. Kf2 Bd5 32. Bb5 f5 33. gxf5+ Kxf5 34. Ke3 g5 35. Bg3 h5 36. Kd4 Be6 37. Bd3+ Kf6 38. Be5+ Kf7 39. Be2 g4 40. Bb5 Bf6 41. Ke4 Bb3 42. Bd7 Bd1 43. Kf4 Be2 44. Bb5 Bxb5 45. axb5 Bxe5+ 46. Kxe5 h4 47. Kd5 Ke8 48. Kc6 Kd8 49. Kb7 g3 50. hxg3 hxg3 51. Kxa7 g2 52. Kxb6 g1Q+ 53. Kb7 Qg2+ 54. Ka7 Kc8 55. d7+ Kxd7 56. b6 Kc6 57. b7 Qg7 0-1

[Event "GER-chT Lands U20"]
[Site "Hannover"]
[Date "2014.10.03"]
[Round "1.2"]
[White "Sawlin, Leonid"]
[Black "Cech, Tim"]
[Result "1-0"]
[WhiteElo "2143"]
[BlackElo "1803"]
[PlyCount "79"]
[EventDate "2014.10.03"]
[EventType "team-swiss"]
[EventRounds "7"]
[EventCountry "GER"]
[SourceTitle "CBM 162 Extra"]
[Source "ChessBase"]
[SourceDate "2014.10.17"]
[SourceVersion "1"]
[SourceVersionDate "2014.10.17"]
[SourceQuality "1"]
[WhiteTeam "Berlin"]
[BlackTeam "Brandenburg"]
[WhiteTeamCountry "GER"]
[BlackTeamCountry "GER"]

1. e4 e6 2. d4 d5 3. Nc3 Nf6 4. e5 Nfd7 5. f4 c5 6. Nf3 Nc6 7. Be3 cxd4 8. Nxd4 Bc5 9. Nce2 Qb6 10. Rb1 f6 11. exf6 Nxf6 12. b4 Bd6 13. a3 Qd8 14. g3 0-0 15. Bg2 Ng4 16. Bc1 Kh8 17. h3 Nf6 18. Bb2 e5 19. Nxc6 bxc6 20. fxe5 Nh5 21. exd6 Qxd6 22. Qd3 a5 23. b5 Bf5 24. Qc3 Qe7 25. Bf3 Be4 26. Bxe4 Qxe4 27. Kd2 d4 28. Qd3 Qg2 29. Rbg1 Qd5 30. bxc6 Qxc6 31. Rf1 Qg2 32. Rxf8+ Rxf8 33. Rg1 Qxh3 34. Bxd4 Qg4 35. Rh1 h6 36. Rh4 Qg5+ 37. Qe3 Qg6 38. g4 Nf4 39. Nxf4 Qg5 40. Ng6+ 1-0

[Event "GER-chT U16"]
[Site "Lingen"]
[Date "2013.12.28"]
[Round "4.2"]
[White "Cech, Tim"]
[Black "Oehne, Timo"]
[Result "1-0"]
[WhiteElo "1875"]
[BlackElo "2037"]
[PlyCount "89"]
[EventDate "2013.12.27"]
[EventType "team-swiss"]
[EventRounds "7"]
[EventCountry "GER"]
[SourceTitle "EXT 2015"]
[Source "ChessBase"]
[SourceDate "2014.11.20"]
[SourceVersion "1"]
[SourceVersionDate "2014.11.20"]
[SourceQuality "1"]
[WhiteTeam "Potsdam"]
[BlackTeam "Lingen"]
[WhiteTeamCountry "GER"]
[BlackTeamCountry "GER"]

1. e4 g6 2. d4 Bg7 3. Bd3 Bxd4 4. Ne2 Bg7 5. 0-0 d6 6. f4 Nc6 7. c3 Nf6 8. Nd2 Bd7 9. Nf3 e6 10. h3 h6 11. Be3 Qe7 12. a4 0-0 13. Qd2 Rae8 14. Ned4 e5 15. Nb5 Bc8 16. fxe5 Nxe5 17. Nxe5 Qxe5 18. Nxc7 Re7 19. Bd4 Nxe4 20. Bxe4 Qxe4 21. Rae1 Qh4 22. Bf2 Qxf2+ 23. Rxf2 Rxc7 24. Rfe2 Rc6 25. Re8 Bd7 26. Rxf8+ Bxf8 27. Qf4 Rc5 28. Rd1 Be6 29. Qf3 Rc7 30. Qe3 b6 31. Kh1 d5 32. Qd3 Bg7 33. Qg3 Rc8 34. Qd6 Bf8 35. Qg3 Bg7 36. Qd6 Bf8 37. Qh2 Bg7 38. Qf4 Bf8 39. Ra1 a6 40. Qf1 Rc4 41. Qd3 Bg7 42. Qg3 d4 43. cxd4 Bxd4 44. Rd1 Rxa4 45. Qf4 1-0

[Event "GER-chT North U16"]
[Site "Greifswald"]
[Date "2013.09.12"]
[Round "2.2"]
[White "Hoffmann, Dustin"]
[Black "Cech, Tim"]
[Result "0-1"]
[WhiteElo "1754"]
[BlackElo "1803"]
[PlyCount "58"]
[EventDate "2013.09.12"]
[EventType "team-swiss"]
[EventRounds "7"]
[EventCountry "GER"]
[SourceTitle "EXT 2014"]
[Source "ChessBase"]
[SourceDate "2013.11.20"]
[SourceVersion "1"]
[SourceVersionDate "2013.11.20"]
[SourceQuality "1"]
[WhiteTeam "Merseburg"]
[BlackTeam "Potsdam"]
[WhiteTeamCountry "GER"]
[BlackTeamCountry "GER"]

1. e4 e6 2. d4 d5 3. Nc3 Nf6 4. e5 Nfd7 5. f4 c5 6. Nf3 Nc6 7. Be3 cxd4 8. Nxd4 Bc5 9. Bb5 Qc7 10. 0-0 0-0 11. Kh1 a6 12. Be2 b5 13. Rf3 b4 14. Na4 Bxd4 15. Bxd4 Nxd4 16. Qxd4 Qxc2 17. Bd1 Qc4 18. Qxc4 dxc4 19. Rc1 Bb7 20. Rf2 Bd5 21. a3 a5 22. Rd2 Rac8 23. Bf3 Nc5 24. Nb6 Nb3 25. Nxc8 Rxc8 26. Bxd5 exd5 27. Rdd1 Nxc1 28. Rxc1 c3 29. bxc3 Rxc3 0-1

[Event "GER-chT North U16"]
[Site "Berlin"]
[Date "2012.09.08"]
[Round "6.2"]
[White "Vogt, Marc Jonas"]
[Black "Cech, Tim"]
[Result "1/2-1/2"]
[WhiteElo "1892"]
[BlackElo "1695"]
[PlyCount "67"]
[EventDate "2012.09.06"]
[EventType "team-swiss"]
[EventRounds "7"]
[EventCountry "GER"]
[SourceTitle "EXT 2015"]
[Source "ChessBase"]
[SourceDate "2014.11.20"]
[SourceVersion "1"]
[SourceVersionDate "2014.11.20"]
[SourceQuality "1"]
[WhiteTeam "Stade"]
[BlackTeam "Potsdam"]
[WhiteTeamCountry "GER"]
[BlackTeamCountry "GER"]

1. e4 e5 2. Nf3 Nf6 3. Nc3 Nc6 4. a3 d6 5. d4 Bg4 6. dxe5 Nxe5 7. Be2 Be7 8. 0-0 Bxf3 9. Bxf3 Nxf3+ 10. Qxf3 0-0 11. Be3 Nd7 12. Nd5 Nb6 13. Bxb6 axb6 14. Rad1 c6 15. Ne3 Bf6 16. c3 Qc7 17. Nf5 Rad8 18. Rd3 Be5 19. Qg4 g6 20. f4 Bg7 21. Ne3 Rfe8 22. f5 Qe7 23. f6 Bxf6 24. Nf5 Qxe4 25. Nh6+ Kg7 26. Rxf6 Kxf6 27. Rf3+ Kg7 28. Rxf7+ Kh8 29. Qxe4 Rxe4 30. Rxb7 Rf8 31. Nf7+ Rxf7 32. Rxf7 Re2 33. Rc7 Rxb2 34. Rxc6 1/2-1/2

[Event "GER-chT North U16"]
[Site "Berlin"]
[Date "2012.09.06"]
[Round "1.2"]
[White "Cech, Tim"]
[Black "Hinrichs, Lars"]
[Result "1/2-1/2"]
[WhiteElo "1695"]
[BlackElo "2001"]
[PlyCount "112"]
[EventDate "2012.09.06"]
[EventType "team-swiss"]
[EventRounds "7"]
[EventCountry "GER"]
[SourceTitle "EXT 2015"]
[Source "ChessBase"]
[SourceDate "2014.11.20"]
[SourceVersion "1"]
[SourceVersionDate "2014.11.20"]
[SourceQuality "1"]
[WhiteTeam "Potsdam"]
[BlackTeam "Hamburger SK"]
[WhiteTeamCountry "GER"]
[BlackTeamCountry "GER"]

1. e4 c5 2. b3 e5 3. Bb2 d6 4. Bc4 Nf6 5. Nc3 Nc6 6. d3 Be7 7. Nge2 0-0 8. 0-0 Be6 9. h3 d5 10. exd5 Nxd5 11. Bxd5 Bxd5 12. Nxd5 Qxd5 13. f4 e4 14. c4 Qxd3 15. Qxd3 exd3 16. Ng3 Rfd8 17. Rad1 Rd7 18. Rf3 Rad8 19. Nf5 Bf6 20. Bxf6 gxf6 21. Kf2 Kf8 22. Rg3 Ne7 23. Nxe7 Kxe7 24. Rg7 Rd4 25. Ke3 f5 26. Rd2 h6 27. Rh7 R8d6 28. Rh8 a6 29. Rb8 Rd7 30. Rc8 b6 31. Rc6 Re4+ 32. Kf3 Rdd4 33. g3 Re6 34. Rxe6+ fxe6 35. Ke3 Re4+ 36. Kxd3 Re1 37. Rg2 Rh1 38. h4 h5 39. Ke3 Rc1 40. Kd2 Ra1 41. Ke3 b5 42. Rc2 Kd6 43. Kf3 bxc4 44. bxc4 Re1 45. Rb2 Kc7 46. Rc2 Re4 47. Rc3 Kb6 48. Kf2 Ka5 49. Ra3+ Kb4 50. Rxa6 Kxc4 51. a4 Kd3 52. Rd6+ Kc2 53. a5 c4 54. a6 c3 55. a7 Ra4 56. Rd7 Kc1 1/2-1/2

[Event "Potsdam Christmas 35th"]
[Site "Potsdam"]
[Date "2010.12.29"]
[Round "6.38"]
[White "Reyher, Susan"]
[Black "Cech, Tim"]
[Result "0-1"]
[WhiteElo "1392"]
[BlackElo "1780"]
[PlyCount "38"]
[EventDate "2010.12.27"]
[EventType "swiss"]
[EventRounds "7"]
[EventCountry "GER"]
[SourceTitle "EXT 2022"]
[Source "ChessBase"]
[SourceDate "2021.10.06"]
[SourceVersion "1"]
[SourceVersionDate "2021.10.06"]
[SourceQuality "1"]

1. e4 e5 2. Nf3 Nf6 3. Nc3 Nc6 4. Bc4 Bb4 5. d3 d5 6. exd5 Nxd5 7. Bd2 Be6 8. 0-0 Bxc3 9. bxc3 0-0 10. Re1 Qd6 11. Re4 Nf6 12. Rh4 Rad8 13. Qe2 Rfe8 14. Qe3 e4 15. dxe4 Bxc4 16. e5 Nxe5 17. Nxe5 Rxe5 18. Qf3 Qxd2 19. Rxc4 Re1+ 0-1

[Event "GER-ch U14 DEM"]
[Site "Oberhof"]
[Date "2010.05.28"]
[Round "8"]
[White "Cech, Tim"]
[Black "Buchberger, Sascha"]
[Result "0-1"]
[WhiteElo "1807"]
[BlackElo "1736"]
[PlyCount "94"]
[EventDate "2010.05.23"]
[EventType "swiss"]
[EventRounds "9"]
[EventCountry "GER"]
[SourceTitle "CBM 136 Extra"]
[Source "ChessBase"]
[SourceDate "2010.07.02"]
[SourceVersion "2"]
[SourceVersionDate "2010.07.15"]
[SourceQuality "1"]

1. e4 e6 2. d4 d5 3. exd5 exd5 4. Nc3 c6 5. Nf3 Nf6 6. Bg5 h6 7. Bh4 Bd6 8. Bd3 0-0 9. 0-0 Bg4 10. Re1 Nbd7 11. Re3 Bf4 12. Re1 Qc7 13. Bg3 Rae8 14. Bxf4 Qxf4 15. Ne2 Qd6 16. Nd2 Qe7 17. f3 Qe3+ 18. Kh1 Bh5 19. Nf1 Qf2 20. Neg3 Rxe1 21. Qxe1 Qxd4 22. Rb1 Ne5 23. Nxh5 Nxh5 24. Qd1 Nxd3 25. Qxd3 Qxd3 26. cxd3 Re8 27. Rd1 Re2 28. Rd2 Rxd2 29. Nxd2 Nf4 30. d4 Nd3 31. b3 Nb4 32. a4 Nc2 33. Kg1 Nxd4 34. Kf2 c5 35. Ke3 g5 36. Kd3 a5 37. Kc3 b5 38. Nf1 bxa4 39. bxa4 Nf5 40. g3 Kg7 41. Kd3 Kf6 42. Ne3 Nxe3 43. Kxe3 Ke6 44. Kd3 f5 45. f4 gxf4 46. gxf4 Kf6 47. h4 Kg6 0-1

[Event "GER-ch U14 DEM"]
[Site "Oberhof"]
[Date "2010.05.28"]
[Round "7"]
[White "Noettling, Dominik"]
[Black "Cech, Tim"]
[Result "1-0"]
[WhiteElo "1801"]
[BlackElo "1807"]
[PlyCount "93"]
[EventDate "2010.05.23"]
[EventType "swiss"]
[EventRounds "9"]
[EventCountry "GER"]
[SourceTitle "CBM 136 Extra"]
[Source "ChessBase"]
[SourceDate "2010.07.02"]
[SourceVersion "2"]
[SourceVersionDate "2010.07.15"]
[SourceQuality "1"]

1. e4 e6 2. d4 d5 3. Nd2 Nf6 4. e5 Nfd7 5. Nb3 c5 6. Bf4 Qb6 7. a4 c4 8. a5 Qb5 9. Bd2 Bb4 10. Bxb4 Qxb4+ 11. Qd2 Nc6 12. Nc5 Qxb2 13. Rd1 Nxc5 14. dxc5 Qxe5+ 15. Be2 Qc7 16. a6 Qa5 17. Qxa5 Nxa5 18. axb7 Bxb7 19. Ra1 Nc6 20. Nf3 0-0 21. 0-0 Rfe8 22. c3 a5 23. Rfb1 Reb8 24. Nd4 Nxd4 25. cxd4 f6 26. f4 Kf7 27. Rb6 Ra6 28. Rab1 Rxb6 29. Rxb6 Ke7 30. c6 Kd6 31. Rxb7 Rxb7 32. cxb7 Kc7 33. Kf2 Kxb7 34. Bd1 Kc7 35. Ke3 Kd6 36. g4 e5 37. g5 Ke6 38. Bc2 e4 39. h4 fxg5 40. hxg5 Kf5 41. Ba4 Ke6 42. Bc6 Kd6 43. Be8 h6 44. g6 Ke6 45. Bf7+ Kd6 46. f5 a4 47. Bxd5 1-0

[Event "GER-ch U14 DEM"]
[Site "Oberhof"]
[Date "2010.05.24"]
[Round "2"]
[White "Takeuchi, Eiki"]
[Black "Cech, Tim"]
[Result "1/2-1/2"]
[WhiteElo "1850"]
[BlackElo "1807"]
[PlyCount "75"]
[EventDate "2010.05.23"]
[EventType "swiss"]
[EventRounds "9"]
[EventCountry "GER"]
[SourceTitle "CBM 136 Extra"]
[Source "ChessBase"]
[SourceDate "2010.07.02"]
[SourceVersion "2"]
[SourceVersionDate "2010.07.15"]
[SourceQuality "1"]

1. d4 c5 2. c3 cxd4 3. cxd4 d5 4. Nc3 Nc6 5. Nf3 Nf6 6. Bf4 Bf5 7. e3 e6 8. Qa4 Qb6 9. Bb5 Be7 10. Ne5 Rc8 11. 0-0 0-0 12. Nxc6 bxc6 13. Ba6 Rcd8 14. a3 Qxb2 15. Qxc6 Bxa3 16. e4 Nxe4 17. Na4 Qb4 18. Rfb1 Qxd4 19. Be3 Qf6 20. Rxa3 d4 21. Bf4 Nxf2 22. Re1 Ng4 23. h3 Nh6 24. Rg3 d3 25. Nc3 Bg6 26. Rf1 Nf5 27. Rgf3 Qd4+ 28. Kh1 Ne7 29. Qc7 Nd5 30. Nxd5 Qxd5 31. Qxa7 e5 32. Bd2 Qa2 33. Bb4 Ra8 34. Qe3 e4 35. R3f2 Qxa6 36. Bxf8 Rxf8 37. Rb1 Rd8 38. Qd4 1/2-1/2

[Event "Potsdam Christmas 34th"]
[Site "Potsdam"]
[Date "2009.12.29"]
[Round "5.24"]
[White "Von Bassewitz, Ingo"]
[Black "Cech, Tim"]
[Result "1/2-1/2"]
[WhiteElo "1941"]
[BlackElo "1420"]
[PlyCount "64"]
[EventDate "2009.12.27"]
[EventType "swiss"]
[EventRounds "7"]
[EventCountry "GER"]
[SourceTitle "EXT 2022"]
[Source "ChessBase"]
[SourceDate "2021.10.06"]
[SourceVersion "1"]
[SourceVersionDate "2021.10.06"]
[SourceQuality "1"]

1. e4 e5 2. f4 exf4 3. Nc3 Bb4 4. Nf3 d6 5. Nd5 Nc6 6. Nxf4 Nf6 7. Bd3 Bg4 8. c3 Bc5 9. h3 Bxf3 10. Qxf3 Ne5 11. Qe2 Nxd3+ 12. Nxd3 Qe7 13. Nxc5 dxc5 14. d3 0-0-0 15. Bg5 h6 16. Bxf6 Qxf6 17. 0-0-0 Rhe8 18. Rhf1 Qe6 19. Qh5 Rd7 20. Kb1 c4 21. dxc4 Qxe4+ 22. Ka1 Rxd1+ 23. Rxd1 Qxc4 24. Qf5+ Qe6 25. Qd3 Qe7 26. Qd4 Rd8 27. Qg4+ Kb8 28. Rxd8+ Qxd8 29. a3 Qg5 30. Qd7 b6 31. Qe8+ Kb7 32. Qe4+ Kb8 1/2-1/2

[Event "Potsdam Christmas 34th"]
[Site "Potsdam"]
[Date "2009.12.28"]
[Round "4.24"]
[White "Cech, Tim"]
[Black "Schweitzer, Paul"]
[Result "1-0"]
[WhiteElo "1420"]
[BlackElo "1782"]
[PlyCount "83"]
[EventDate "2009.12.27"]
[EventType "swiss"]
[EventRounds "7"]
[EventCountry "GER"]
[SourceTitle "EXT 2022"]
[Source "ChessBase"]
[SourceDate "2021.10.06"]
[SourceVersion "1"]
[SourceVersionDate "2021.10.06"]
[SourceQuality "1"]

1. c4 c6 2. d4 d6 3. e4 Nd7 4. Nc3 g6 5. Nf3 Bg7 6. Bd2 f6 7. Bd3 a6 8. a4 Nh6 9. Qc1 Nf7 10. 0-0 e5 11. b4 exd4 12. Nxd4 Nde5 13. Be2 0-0 14. f4 Nd7 15. Ne6 Qb6+ 16. Be3 c5 17. Nd5 Qa7 18. Nxf8 Bxf8 19. bxc5 dxc5 20. Bg4 f5 21. exf5 gxf5 22. Bxf5 Nb6 23. Nf6+ Kh8 24. Qc2 Bg7 25. Nxh7 Bd4 26. Bxd4+ cxd4 27. Qe4 Bxf5 28. Qxf5 Nxc4 29. Qxf7 d3+ 30. Kh1 Ne3 31. Nf6 b6 32. Qxa7 Rxa7 33. Rf3 Re7 34. Ra2 Nc2 35. h4 d2 36. Rd3 Re1+ 37. Kh2 Ne3 38. Raxd2 Nf1+ 39. Kh3 Nxd2 40. Rxd2 Re3+ 41. g3 Ra3 42. Rd7 1-0

[Event "GER-ch U12"]
[Site "Willingen"]
[Date "2009.06.06"]
[Round "11"]
[White "Gassmann, Linda"]
[Black "Cech, Tim"]
[Result "1/2-1/2"]
[WhiteElo "1143"]
[BlackElo "1410"]
[PlyCount "80"]
[EventDate "2009.05.30"]
[EventType "swiss"]
[EventRounds "11"]
[EventCountry "GER"]
[SourceTitle "EXT 2010"]
[Source "ChessBase"]
[SourceDate "2010.11.25"]
[SourceVersion "1"]
[SourceVersionDate "2010.11.25"]
[SourceQuality "1"]

1. e4 e5 2. Nf3 Nf6 3. Nc3 Nc6 4. Bc4 Nxe4 5. Nxe4 d5 6. Bxd5 Qxd5 7. Nc3 Qd8 8. h3 Bb4 9. d3 Be6 10. 0-0 Qd7 11. Be3 0-0-0 12. Qe2 f6 13. a3 Bd6 14. b4 g5 15. Nh2 Kb8 16. Ne4 Rdf8 17. Nc5 Qc8 18. Nxe6 Qxe6 19. Qg4 Qxg4 20. Nxg4 Rhg8 21. Nh6 Rg6 22. Nf5 Ne7 23. Nxe7 Bxe7 24. Bc5 Bd6 25. Bxd6 cxd6 26. g4 f5 27. f3 Rgf6 28. a4 Kc7 29. a5 Kc6 30. c4 d5 31. Rad1 fxg4 32. fxg4 Rxf1+ 33. Rxf1 Rxf1+ 34. Kxf1 dxc4 35. dxc4 e4 36. Ke2 Kd6 37. Ke3 Ke5 38. b5 h6 39. c5 Kd5 40. c6 bxc6 1/2-1/2

[Event "GER-ch U12"]
[Site "Willingen"]
[Date "2009.05.31"]
[Round "2"]
[White "Cech, Tim"]
[Black "Sadjjadi, Anahita"]
[Result "1-0"]
[WhiteElo "1410"]
[BlackElo "1010"]
[PlyCount "62"]
[EventDate "2009.05.30"]
[EventType "swiss"]
[EventRounds "11"]
[EventCountry "GER"]
[SourceTitle "EXT 2010"]
[Source "ChessBase"]
[SourceDate "2010.11.25"]
[SourceVersion "1"]
[SourceVersionDate "2010.11.25"]
[SourceQuality "1"]

1. e4 d5 2. exd5 Qxd5 3. Nc3 Qa5 4. d4 c6 5. Bd2 Qd8 6. Nf3 Bg4 7. Bc4 e6 8. Bf4 Nd7 9. Qd3 Ngf6 10. 0-0-0 Bb4 11. Rhe1 0-0 12. Rd2 Qe7 13. Bg5 Rae8 14. Ne5 Bf5 15. Qf3 b5 16. Nxc6 Qd6 17. Bxb5 Ra8 18. Nxb4 Qxb4 19. Bxd7 Nxd7 20. d5 Bg4 21. Qe3 Nb6 22. a3 Qd6 23. dxe6 Qxh2 24. exf7+ Rxf7 25. Rd8+ Rxd8 26. Bxd8 Qf4 27. Qxf4 Rxf4 28. Bxb6 axb6 29. f3 Bd7 30. Nd5 Rd4 31. Nxb6 Bc6 1-0